[Event "V Floripa Open 2019"]
[Site "Florianopolis"]
[Date "2019.01.22"]
[Round "2.59"]
[White "Broday, Geovani Allan"]
[Black "Bracht, Rainer"]
[Result "1/2-1/2"]
[WhiteElo "2129"]
[BlackElo "1878"]
[PlyCount "228"]
[EventDate "2019.01.21"]
[EventType "swiss"]
[EventRounds "10"]
[EventCountry "BRA"]

1. e4 e5 2. Nf3 Nc6 3. Bc4 Bc5 4. c3 Nf6 5. d3 O-O 6. Bb3 d6 7. O-O Qe7 8. Bc2 Bb6 9. h3 h6 10. Nbd2 a6 11. Nc4 Ba7 12. Be3 Be6 13. Bxa7 Rxa7 14. Ne3 Bd7 15. Nh4 g6 16. Bb3 Kg7 17. Qf3 Nh7 18. Qg3 Qg5 19. Qxg5 Nxg5 20. f4 exf4 21. Rxf4 Ne7 22. Raf1 Raa8 23. Kh2 Rae8 24. g4 Be6 25. Bc2 h5 26. gxh5 Rh8 27. Bd1 Nxh3 28. R4f3 Ng5 29. Rg3 f6 30. Kg2 gxh5 31. Nf3 Kg6 32. Nh4+ Kg7 33. Nf3 Kg6 34. Nh4+ Kg7 35. Kf2 Kh6 36. Ke1 Ref8 37. Rh1 Kg7 38. Neg2 Ng6 39. Nxg6 Kxg6 40. Nf4+ Kf7 41. Bxh5+ Rxh5 42. Rxh5 Bxa2 43. Nh3 Ne6 44. Rh7+ Ke8 45. Kd2 Bb3 46. Ke3 Rf7 47. Rh8+ Kd7 48. Nf4 Nxf4 49. Kxf4 Be6 50. Rh5 c6 51. d4 d5 52. c4 Kd6 53. exd5 cxd5 54. c5+ Kc6 55. Rh6 Bd7 56. Rgg6 Kb5 57. Rxf6 Rxf6+ 58. Rxf6 Bc6 59. Ke5 Kc4 60. Rf3 a5 61. Rc3+ Kb5 62. Kd6 a4 63. Ke5 Ka5 64. Kf4 Kb4 65. Ke3 Ka5 66. Kd2 Kb4 67. Kc2 Bb5 68. Kd2 Bc6 69. Ke3 Ka5 70. Kf4 Kb4 71. Ke5 Kb5 72. Kd6 Kb4 73. Kc7 Kb5 74. Rc2 Kb4 75. Kb6 Kb3 76. Rd2 Kb4 77. Rf2 Kb3 78. Ka5 Kc4 79. Rd2 Kb3 80. Kb6 Kb4 81. Rh2 Kb3 82. Rf2 Kc4 83. Rf4 Kb3 84. Rf2 Kc4 85. Rd2 Kb3 86. Rh2 Kc4 87. Rh4 Kb3 88. Rh2 Kc4 89. Rh6 Kxd4 90. Rxc6 bxc6 91. Kxc6 Ke4 92. Kb5 d4 93. c6 d3 94. c7 d2 95. c8=Q d1=Q 96. Qe6+ Kf4 97. Qc4+ Kg5 98. Qxa4 Qd5+ 99. Kb4 Qd4+ 100. Ka3 Qd3+ 101. Ka2 Qd5+ 102. b3 Qd2+ 103. Ka3 Qc1+ 104. Kb4 Qd2+ 105. Kb5 Qd5+ 106. Kb6 Qd8+ 107. Kb5 Qd5+ 108. Ka6 Qd6+ 109. Ka5 Qd8+ 110. Ka6 Qd6+ 111. Kb7 Qd5+ 112. Kc7 Qe5+ 113. Kb6 Qb8+ 114. Kc5 Qe5+ 1/2-1/2

[Event "V Floripa Open 2019"]
[Site "Florianopolis"]
[Date "2019.01.22"]
[Round "2.60"]
[White "Cardozo, Matheus Santos"]
[Black "Osipi, Jair"]
[Result "1/2-1/2"]
[WhiteElo "1869"]
[BlackElo "2126"]
[PlyCount "74"]
[EventDate "2019.01.21"]
[EventType "swiss"]
[EventRounds "10"]
[EventCountry "BRA"]

1. Nf3 c5 2. c4 Nc6 3. g3 g6 4. Bg2 Bg7 5. O-O e6 6. Nc3 Nge7 7. d3 d6 8. Bf4 h6 9. Rb1 O-O 10. a3 Rb8 11. h3 e5 12. Bd2 Be6 13. b4 Qd7 14. Kh2 f5 15. b5 Nd8 16. Qc1 Kh7 17. e3 b6 18. Ne2 d5 19. Bc3 Nf7 20. Qb2 d4 21. exd4 exd4 22. Bd2 g5 23. Rbe1 Ng6 24. Bc1 Qd6 25. Rh1 Bf6 26. Kg1 Kg7 27. h4 Rbe8 28. hxg5 hxg5 29. Bd2 Rh8 30. Qc1 Rxh1+ 31. Bxh1 Qd8 32. Bg2 Bc8 33. a4 Rh8 34. Qd1 Qg8 35. Qc1 Qd8 36. Qd1 Qc7 37. Qc1 Qd8 1/2-1/2

[Event "V Floripa Open 2019"]
[Site "Florianopolis"]
[Date "2019.01.22"]
[Round "2.61"]
[White "Fabrega, Enrique"]
[Black "Klein, Luan Carlos"]
[Result "1/2-1/2"]
[WhiteElo "2125"]
[BlackElo "1875"]
[PlyCount "43"]
[EventDate "2019.01.21"]
[EventType "swiss"]
[EventRounds "10"]
[EventCountry "BRA"]

1. d4 d5 2. c4 e6 3. Nf3 Nf6 4. Nc3 c6 5. e3 Nbd7 6. Bd3 dxc4 7. Bxc4 b5 8. Bd3 a6 9. O-O c5 10. Qe2 Bb7 11. Rd1 Qb6 12. b3 Be7 13. Bb2 O-O 14. Rac1 Rac8 15. Nb1 Rfd8 16. Nbd2 Nd5 17. Bb1 cxd4 18. Bxd4 Bc5 19. Qd3 f5 20. b4 Nxb4 21. Qb3 Nd5 22. Qb2 1/2-1/2

[Event "V Floripa Open 2019"]
[Site "Florianopolis"]
[Date "2019.01.22"]
[Round "2.62"]
[White "Silva, Fernando So Barros "]
[Black "Lopes Fo, Jorge Antonio Ferre"]
[Result "0-1"]
[WhiteElo "1867"]
[BlackElo "2122"]
[PlyCount "74"]
[EventDate "2019.01.21"]
[EventType "swiss"]
[EventRounds "10"]
[EventCountry "BRA"]

1. d4 Nf6 2. c4 Nc6 3. Nc3 e5 4. dxe5 Nxe5 5. e4 Bb4 6. Qc2 O-O 7. Be2 d6 8. Bd2 Re8 9. h3 Nc6 10. Bg5 h6 11. Bxf6 Qxf6 12. Kf1 Bxc3 13. bxc3 Ne5 14. g3 Be6 15. Qa4 Nxc4 16. Nf3 Nb6 17. Qd4 Qe7 18. Kg2 c5 19. Qd1 Bd7 20. Bd3 Qf6 21. c4 Ba4 22. Qd2 Bd7 23. Rab1 Re7 24. Nh4 Qd4 25. Nf3 Qf6 26. Nh4 g5 27. Nf3 Rae8 28. Qd1 Ba4 29. Qf1 Bc6 30. Nd2 Qc3 31. Rd1 Ba4 32. Nb1 Qg7 33. Rc1 Bc6 34. Nc3 f5 35. f3 fxe4 36. Nxe4 Rf8 37. Rc2 Bxe4 0-1

[Event "V Floripa Open 2019"]
[Site "Florianopolis"]
[Date "2019.01.22"]
[Round "2.63"]
[White "Carstens Dobuchak, Thiago"]
[Black "Boabaid, Jorge Alberto Duard"]
[Result "1-0"]
[WhiteElo "2121"]
[BlackElo "1868"]
[PlyCount "89"]
[EventDate "2019.01.21"]
[EventType "swiss"]
[EventRounds "10"]
[EventCountry "BRA"]

1. e4 e5 2. Nf3 Nc6 3. Nc3 Bc5 4. Nxe5 Nxe5 5. d4 Bd6 6. dxe5 Bxe5 7. Bd3 d6 8. O-O Nf6 9. Ne2 g5 10. Bxg5 Rg8 11. f4 Rxg5 12. fxg5 Ng4 13. Ng3 Qxg5 14. Qf3 Be6 15. h3 h5 16. Nf5 O-O-O 17. Be2 Rg8 18. hxg4 hxg4 19. Qe3 Qxe3+ 20. Nxe3 Bd4 21. Kf2 g3+ 22. Kf3 Be5 23. Bc4 Bd7 24. Ke2 Bxb2 25. Rab1 Bd4 26. Rxf7 Re8 27. Kd3 Be5 28. Rbf1 b5 29. Bb3 c5 30. Bd5 c4+ 31. Ke2 a5 32. Rf8 Kc7 33. R1f7 Kb6 34. a4 Kc5 35. axb5 Bxb5 36. Rxe8 Bxe8 37. Rc7+ Kb6 38. Rb7+ Kc5 39. Nxc4 Bc3 40. Kd3 Be1 41. c3 a4 42. Na3 Bf2 43. Nc2 Bb5+ 44. c4 Be8 45. Nb4 1-0

[Event "V Floripa Open 2019"]
[Site "Florianopolis"]
[Date "2019.01.22"]
[Round "2.64"]
[White "Serafim Junior, Arnor"]
[Black "Poeta, Caio Medeiros"]
[Result "0-1"]
[WhiteElo "1857"]
[BlackElo "2110"]
[PlyCount "56"]
[EventDate "2019.01.21"]
[EventType "swiss"]
[EventRounds "10"]
[EventCountry "BRA"]

1. Nf3 Nf6 2. g3 g6 3. Bg2 Bg7 4. O-O O-O 5. d3 c5 6. e4 Nc6 7. Nc3 d6 8. h3 Rb8 9. a4 a6 10. Re1 Ne8 11. Bf4 e5 12. Bg5 f6 13. Be3 Nc7 14. Ne2 b6 15. Qd2 d5 16. exd5 Nxd5 17. Bh6 Be6 18. Kh2 Qd7 19. Bxg7 Kxg7 20. c3 Rbd8 21. Qc2 Nde7 22. d4 cxd4 23. cxd4 Rc8 24. dxe5 fxe5 25. Qc3 Qd6 26. Nf4 Bg8 27. Nxe5 Nd4 28. Nc4 Rxc4 0-1

[Event "V Floripa Open 2019"]
[Site "Florianopolis"]
[Date "2019.01.22"]
[Round "2.65"]
[White "Frois, Vitor Amorim"]
[Black "Filho, Marcelo Adriano Nun"]
[Result "1-0"]
[WhiteElo "2109"]
[BlackElo "1866"]
[PlyCount "157"]
[EventDate "2019.01.21"]
[EventType "swiss"]
[EventRounds "10"]
[EventCountry "BRA"]

1. Nf3 e6 2. c4 d5 3. b3 Nf6 4. g3 b6 5. Bg2 Bb7 6. Bb2 Be7 7. O-O O-O 8. d4 c5 9. dxc5 dxc4 10. cxb6 Qxb6 11. Nbd2 Rd8 12. Qc2 cxb3 13. axb3 Bd5 14. Nc4 Qb7 15. Na5 Rc8 16. Qd3 Qa6 17. Nc4 Qb7 18. Bxf6 gxf6 19. Ne1 Bxg2 20. Nxg2 Nd7 21. Na5 Qc7 22. Ne3 Ne5 23. Qe4 f5 24. Qa4 Bf6 25. Rad1 Rd8 26. Nac4 Nxc4 27. Nxc4 Bd4 28. e3 Bc5 29. Qa1 Rab8 30. Qc3 Be7 31. Rd3 Rxd3 32. Qxd3 Rd8 33. Qc3 Qb7 34. Na5 Rc8 35. Nc4 Qb4 36. Qxb4 Bxb4 37. Ra1 a5 38. Kg2 Kg7 39. Kf3 Kf6 40. Ra4 Rc5 41. Ke2 Rb5 42. Ra1 Bc3 43. Rb1 Bb4 44. Rd1 Rc5 45. Kd3 Rd5+ 46. Ke2 Rxd1 47. Kxd1 Kg5 48. Ke2 f6 49. Kf3 e5 50. Nb6 h5 51. Nd5 Bd6 52. h4+ Kh6 53. Nxf6 e4+ 54. Ke2 Kg6 55. Nd5 Be5 56. Nf4+ Kh6 57. Kd2 Bb2 58. Kc2 Be5 59. Nd5 Kg6 60. Kb1 Bg7 61. Ka2 Bf8 62. Kb2 Bc5 63. Kc3 Ba3 64. b4 axb4+ 65. Nxb4 Bc1 66. Nd5 Ba3 67. Kd4 Bb2+ 68. Kc5 Bc1 69. Kd6 Bd2 70. Nf4+ Kh6 71. Ke5 Be1 72. Nh3 Kg6 73. Ke6 f4 74. Nxf4+ Kg7 75. Nh3 Kg6 76. Ke7 Kg7 77. Ke6 Kg6 78. Ke5 Kg7 79. Kxe4 1-0

[Event "V Floripa Open 2019"]
[Site "Florianopolis"]
[Date "2019.01.22"]
[Round "2.66"]
[White "Alves, Josue Pires"]
[Black "Riline, Alejandro"]
[Result "0-1"]
[WhiteElo "1841"]
[BlackElo "2107"]
[PlyCount "52"]
[EventDate "2019.01.21"]
[EventType "swiss"]
[EventRounds "10"]
[EventCountry "BRA"]

1. d4 d5 2. Nc3 Nf6 3. Bg5 Nbd7 4. Nf3 c6 5. a3 g6 6. Qd2 Ne4 7. Nxe4 dxe4 8. Ng1 h6 9. Bf4 Bg7 10. h4 Qb6 11. O-O-O Nf6 12. Be5 O-O 13. Qf4 c5 14. d5 c4 15. c3 Qb3 16. d6 Nh5 17. Qxe4 Bf5 18. Qxf5 gxf5 19. Bxg7 Nxg7 20. e3 Rfd8 21. d7 b5 22. g4 b4 23. axb4 a5 24. Bg2 axb4 25. Bxa8 bxc3 26. bxc3 Qxc3+ 0-1

[Event "V Floripa Open 2019"]
[Site "Florianopolis"]
[Date "2019.01.22"]
[Round "2.67"]
[White "Heinechen, Juan"]
[Black "Felix, Raimundo Nascimento"]
[Result "1-0"]
[WhiteElo "2105"]
[BlackElo "1859"]
[PlyCount "122"]
[EventDate "2019.01.21"]
[EventType "swiss"]
[EventRounds "10"]
[EventCountry "BRA"]

1. e4 e5 2. Nf3 Nf6 3. Nxe5 d6 4. Nf3 Nxe4 5. c4 Nc6 6. d3 Nf6 7. d4 Be7 8. Bd3 Bg4 9. Be3 O-O 10. Nc3 Re8 11. O-O Bf8 12. a3 a5 13. Rb1 Qd7 14. Re1 Bf5 15. h3 g6 16. Rc1 Bxd3 17. Qxd3 Bg7 18. d5 Ne5 19. Nxe5 Rxe5 20. Bd4 Rxe1+ 21. Rxe1 Re8 22. Rc1 b6 23. b4 axb4 24. axb4 Qe7 25. Nb5 Nh5 26. Be3 Be5 27. Qd2 Ra8 28. g4 Ng7 29. Bg5 f6 30. Be3 g5 31. c5 bxc5 32. bxc5 h6 33. c6 f5 34. f3 f4 35. Bf2 Qf7 36. Na7 Ne8 37. Rb1 Nf6 38. Rb5 h5 39. Qd3 hxg4 40. hxg4 Qh7 41. Qxh7+ Kxh7 42. Kf1 Kg7 43. Ke2 Kf7 44. Kd3 Ke7 45. Kc4 Rh8 46. Rb7 Ne8 47. Bb6 Kd8 48. Rb8+ Ke7 49. Rxe8+ Kxe8 50. Bxc7 Rh1 51. Bb6 Rc1+ 52. Kb5 Bf6 53. c7 Kd7 54. c8=Q+ Rxc8 55. Nxc8 Kxc8 56. Kc6 Be7 57. Bc7 Bf6 58. Bxd6 Kd8 59. Bc7+ Ke8 60. d6 Bd8 61. Bxd8 Kxd8 1-0

[Event "V Floripa Open 2019"]
[Site "Florianopolis"]
[Date "2019.01.22"]
[Round "2.68"]
[White "Valcarcel, Victor Ignacio Sant"]
[Black "Diaz, Fernando"]
[Result "0-1"]
[WhiteElo "1837"]
[BlackElo "2095"]
[PlyCount "60"]
[EventDate "2019.01.21"]
[EventType "swiss"]
[EventRounds "10"]
[EventCountry "BRA"]

1. e4 e6 2. Nc3 d5 3. Nf3 Nf6 4. e5 Nfd7 5. d4 c5 6. dxc5 Nc6 7. Bf4 Bxc5 8. Bd3 Be7 9. h4 h6 10. Qd2 a6 11. g4 Qc7 12. O-O-O Ncxe5 13. Nxe5 Nxe5 14. Qe3 Nxd3+ 15. Rxd3 Qc5 16. Re1 Qxe3+ 17. Rexe3 Bd7 18. Nxd5 exd5 19. Bd6 Be6 20. Bxe7 Kxe7 21. f4 Kd6 22. f5 Bd7 23. c4 Bc6 24. Re2 Rhe8 25. Red2 Re4 26. cxd5 Bb5 27. Rb3 Be2 28. g5 Rc8+ 29. Kb1 hxg5 30. hxg5 Bg4 0-1

[Event "V Floripa Open 2019"]
[Site "Florianopolis"]
[Date "2019.01.22"]
[Round "2.69"]
[White "Maia, Jose Eduardo Bastos"]
[Black "Kanzler, Karina Daniela Ferr"]
[Result "1/2-1/2"]
[WhiteElo "2087"]
[BlackElo "1856"]
[PlyCount "41"]
[EventDate "2019.01.21"]
[EventType "swiss"]
[EventRounds "10"]
[EventCountry "BRA"]

1. d4 Nf6 2. Bg5 e6 3. Nf3 b6 4. Nbd2 Bb7 5. e3 Be7 6. Bd3 d6 7. O-O Nbd7 8. c4 O-O 9. Qc2 h6 10. Bh4 c5 11. Rad1 Nh5 12. Bxe7 Qxe7 13. Rfe1 Rac8 14. Qb1 d5 15. cxd5 Bxd5 16. e4 Bb7 17. g3 cxd4 18. Nxd4 Ne5 19. Be2 Ng6 20. N4f3 e5 21. Nc4 1/2-1/2

[Event "V Floripa Open 2019"]
[Site "Florianopolis"]
[Date "2019.01.22"]
[Round "2.70"]
[White "Schena, Arthur"]
[Black "Souza Neves, Andrey M."]
[Result "0-1"]
[WhiteElo "1831"]
[BlackElo "2086"]
[PlyCount "88"]
[EventDate "2019.01.21"]
[EventType "swiss"]
[EventRounds "10"]
[EventCountry "BRA"]

1. d4 d5 2. c4 e6 3. Nc3 Be7 4. cxd5 exd5 5. Nf3 c6 6. Qc2 g6 7. e4 dxe4 8. Nxe4 Nf6 9. Ng3 O-O 10. Bd2 Be6 11. Bd3 Nbd7 12. h4 c5 13. h5 c4 14. Bxg6 fxg6 15. hxg6 Bd6 16. gxh7+ Kh8 17. Nh4 Bf7 18. Ngf5 Re8+ 19. Kf1 Bf8 20. Nh6 Bxh6 21. Bxh6 Ng4 22. Ng6+ Bxg6 23. Qxg6 Nxh6 24. Rxh6 Qb6 25. Qg5 Qxb2 26. Rc1 Rf8 27. f3 Qxd4 28. Rg6 Qd3+ 29. Kg1 Rae8 30. Rg8+ Rxg8 31. hxg8=R+ Rxg8 32. Qh4+ Kg7 33. Rxc4 Qd1+ 34. Kf2 Qd2+ 35. Kf1 Nf6 36. Qg3+ Kf7 37. Rc7+ Ke6 38. Qh3+ Ng4 39. fxg4 Qd1+ 40. Kf2 Rf8+ 41. Ke3 Qe1+ 42. Kd3 Rd8+ 43. Kc4 Qc1+ 44. Kb5 Rd5+ 0-1

[Event "V Floripa Open 2019"]
[Site "Florianopolis"]
[Date "2019.01.22"]
[Round "2.71"]
[White "Santos Filho, Tadeu Sousa"]
[Black "Salvadego, Matheus Henrique De"]
[Result "1-0"]
[WhiteElo "2086"]
[BlackElo "1844"]
[PlyCount "81"]
[EventDate "2019.01.21"]
[EventType "swiss"]
[EventRounds "10"]
[EventCountry "BRA"]

1. e4 c5 2. Nf3 Nc6 3. c3 d5 4. exd5 Qxd5 5. d4 e5 6. dxe5 Qxd1+ 7. Kxd1 Bg4 8. Bf4 O-O-O+ 9. Nbd2 f6 10. exf6 Nxf6 11. Bb5 Bd6 12. Be3 Ne5 13. Be2 Ng6 14. Ng5 Bxe2+ 15. Kxe2 Rd7 16. Nde4 Nxe4 17. Nxe4 Re8 18. Nxd6+ Rxd6 19. Rhd1 Rf6 20. g3 b6 21. h3 h6 22. Rd2 Ne5 23. b3 c4 24. Kf1 Nc6 25. Kg2 cxb3 26. axb3 Na5 27. Rd5 Rc6 28. c4 Rc7 29. Rb1 Rd7 30. Rxd7 Kxd7 31. Rd1+ Kc6 32. Rd3 a6 33. f4 Nb7 34. Kf3 a5 35. g4 Rf8 36. Rd5 Ra8 37. Bd4 a4 38. bxa4 Rxa4 39. Bxg7 Ra3+ 40. Kg2 Nd6 41. Rxd6+ 1-0

[Event "V Floripa Open 2019"]
[Site "Florianopolis"]
[Date "2019.01.22"]
[Round "2.72"]
[White "Predebon, Eduardo Angonesi"]
[Black "Felix Simoes, Rodrigo"]
[Result "0-1"]
[WhiteElo "1825"]
[BlackElo "2083"]
[PlyCount "68"]
[EventDate "2019.01.21"]
[EventType "swiss"]
[EventRounds "10"]
[EventCountry "BRA"]

1. e4 e6 2. d3 d5 3. Nd2 Nf6 4. Ngf3 Nc6 5. g3 dxe4 6. dxe4 e5 7. Bg2 Bc5 8. O-O O-O 9. c3 a5 10. Qe2 b6 11. h3 Ba6 12. c4 a4 13. Rd1 Qe7 14. b3 axb3 15. Nxb3 Bd6 16. Bb2 Nd7 17. Nh2 Nc5 18. Nxc5 Bxc5 19. Ng4 Nd4 20. Qd3 Rfd8 21. Kh2 h5 22. Nxe5 Qxe5 23. f4 Qe6 24. Rac1 Nc6 25. Qe2 h4 26. f5 hxg3+ 27. Kh1 Qh6 28. e5 Bb7 29. f6 Nd4 30. Rxd4 Qxh3+ 31. Kg1 Qh2+ 32. Kf1 Qxg2+ 33. Qxg2 Bxg2+ 34. Kxg2 Bxd4 0-1

[Event "V Floripa Open 2019"]
[Site "Florianopolis"]
[Date "2019.01.22"]
[Round "2.73"]
[White "Manzi, Luiz Antonio Bardar"]
[Black "De Haro, Martim Afonso Palma"]
[Result "1-0"]
[WhiteElo "2077"]
[BlackElo "1837"]
[PlyCount "161"]
[EventDate "2019.01.21"]
[EventType "swiss"]
[EventRounds "10"]
[EventCountry "BRA"]

1. Nf3 g6 2. g3 c5 3. Bg2 Nc6 4. c4 Bg7 5. Nc3 d6 6. O-O Nf6 7. d3 O-O 8. Bd2 d5 9. cxd5 Nxd5 10. Nxd5 Qxd5 11. Bc3 Qh5 12. Bxg7 Kxg7 13. Qd2 Bh3 14. Qc3+ Kg8 15. Bxh3 Qxh3 16. Qxc5 Rac8 17. Rac1 Rfd8 18. Qe3 Rd5 19. Rc4 Rh5 20. Rh4 Rxh4 21. Nxh4 Qg4 22. Rc1 Qb4 23. b3 Qa3 24. Rc2 Rd8 25. Nf3 Nb4 26. Rc4 Nd5 27. Qd2 e6 28. Ra4 Qc5 29. Qh6 b5 30. Rh4 Nf6 31. Qe3 Qxe3 32. fxe3 Rc8 33. Kf2 a6 34. h3 Rc2 35. a4 Nd5 36. axb5 axb5 37. Nd4 Rb2 38. Nxb5 Rxb3 39. Nd6 Rb2 40. Rc4 Rb6 41. Ne4 Rb2 42. g4 h6 43. h4 f5 44. gxf5 gxf5 45. Nc5 Nb4 46. Rc3 Nd5 47. Rb3 Rc2 48. Nxe6 Nc3 49. Nd4 Rc1 50. Nxf5 Rc2 51. Nd4 Rc1 52. Rb7 Rh1 53. Nf3 Rc1 54. e4 Ra1 55. Nd4 Ra6 56. Nf5 Ra2 57. Ng3 Nd1+ 58. Kf3 Ra6 59. Nf5 Rf6 60. h5 Nc3 61. Rg7+ Kf8 62. Rg6 Rf7 63. Rxh6 Kg8 64. Rc6 Nb5 65. Kg4 Rb7 66. h6 Kh7 67. e5 Rf7 68. Rf6 Ra7 69. e6 Ra1 70. e7 Rg1+ 71. Ng3 Nc7 72. Rf8 Nd5 73. e8=Q Nf6+ 74. Kf3 Nxe8 75. Rxe8 Kxh6 76. Nf5+ Kh7 77. Re7+ Kh8 78. d4 Rf1+ 79. Ke4 Kg8 80. d5 Kf8 81. d6 1-0

[Event "V Floripa Open 2019"]
[Site "Florianopolis"]
[Date "2019.01.22"]
[Round "2.74"]
[White "De Freitas, Julio Eimard"]
[Black "Soares, Joao Carlos T. C."]
[Result "0-1"]
[WhiteElo "1822"]
[BlackElo "2077"]
[PlyCount "68"]
[EventDate "2019.01.21"]
[EventType "swiss"]
[EventRounds "10"]
[EventCountry "BRA"]

1. d4 g6 2. c4 Bg7 3. Nc3 d6 4. e4 Nd7 5. Nf3 e5 6. d5 Ne7 7. Be3 h6 8. g4 Nf6 9. h3 c6 10. Be2 a6 11. Qd2 cxd5 12. cxd5 b5 13. a3 h5 14. g5 Nd7 15. Nh4 Bb7 16. f3 Rc8 17. Bd3 Nb6 18. Qf2 Nc4 19. Bc1 O-O 20. Ng2 Qa5 21. b4 Qd8 22. Bxc4 Rxc4 23. Bd2 Nc8 24. Rc1 Rc7 25. Be3 f6 26. h4 Rcf7 27. Ke2 f5 28. Qg1 Ne7 29. Bb6 Qd7 30. Nd1 fxe4 31. fxe4 Qg4+ 32. Kd3 Nxd5 33. exd5 Bxd5 34. Nde3 e4+ 0-1

[Event "V Floripa Open 2019"]
[Site "Florianopolis"]
[Date "2019.01.22"]
[Round "2.107"]
[White "Moura, Eduardo Eugenio Cha"]
[Black "Leite, Tarcisio Dantas Fro"]
[Result "1-0"]
[WhiteElo "2134"]
[BlackElo "1546"]
[PlyCount "25"]
[EventDate "2019.01.21"]
[EventType "swiss"]
[EventRounds "10"]
[EventCountry "BRA"]

1. e4 e5 2. Nf3 d6 3. d4 f5 4. exf5 e4 5. Qe2 d5 6. Ne5 Nf6 7. g4 h6 8. Ng6 Rg8 9. h4 Nh7 10. f3 Kf7 11. fxe4 dxe4 12. Qxe4 Nf6 13. Bc4+ 1-0

[Event "V Floripa Open 2019"]
[Site "Florianopolis"]
[Date "2019.01.22"]
[Round "2.108"]
[White "Campos, Alexandre Ferreira"]
[Black "Kim, Thiago"]
[Result "1-0"]
[WhiteElo "2073"]
[BlackElo "1508"]
[PlyCount "45"]
[EventDate "2019.01.21"]
[EventType "swiss"]
[EventRounds "10"]
[EventCountry "BRA"]

1. g3 e5 2. c4 Nf6 3. Bg2 d5 4. cxd5 Nxd5 5. Nc3 Be6 6. Nf3 Nc6 7. d3 f6 8. O-O Qd7 9. e4 Nb6 10. Be3 O-O-O 11. Bxb6 axb6 12. Qa4 Kb8 13. Nb5 Bc5 14. Rac1 g5 15. Rfd1 Qe7 16. d4 exd4 17. b4 Bxb4 18. Rxc6 bxc6 19. Qa7+ Kc8 20. Nbxd4 Qd6 21. e5 fxe5 22. Nxe5 Qxe5 23. Bxc6 1-0

[Event "V Floripa Open 2019"]
[Site "Florianopolis"]
[Date "2019.01.22"]
[Round "2.109"]
[White "Martins, Anderson Donay"]
[Black "Rodrigues Mota, Sophia Lorena"]
[Result "1-0"]
[WhiteElo "2072"]
[BlackElo "1498"]
[PlyCount "63"]
[EventDate "2019.01.21"]
[EventType "swiss"]
[EventRounds "10"]
[EventCountry "BRA"]

1. d4 Nf6 2. c4 g6 3. Nc3 Bg7 4. e4 d6 5. Be2 O-O 6. Nf3 Nbd7 7. e5 Nh5 8. g4 dxe5 9. dxe5 Nxe5 10. Qxd8 Rxd8 11. Nxe5 Nf6 12. Bf4 Rd4 13. Be3 Rd6 14. Rd1 Rxd1+ 15. Kxd1 Be6 16. Kc2 Rd8 17. Rd1 Rd6 18. Bc5 Rxd1 19. Kxd1 Nd7 20. Nxd7 Bxd7 21. Bxe7 Bxc3 22. bxc3 Kg7 23. g5 h6 24. f4 f5 25. gxf6+ Kf7 26. h4 h5 27. Bd3 Bg4+ 28. Kd2 c6 29. Ke3 Ke6 30. Bxg6 a6 31. f5+ Kd7 32. Bc5 1-0

[Event "V Floripa Open 2019"]
[Site "Florianopolis"]
[Date "2019.01.22"]
[Round "2.110"]
[White "Rodrigues Mota, Romulo Cardoso S"]
[Black "Pereira, Geanfrancesco"]
[Result "0-1"]
[WhiteElo "1494"]
[BlackElo "2028"]
[PlyCount "82"]
[EventDate "2019.01.21"]
[EventType "swiss"]
[EventRounds "10"]
[EventCountry "BRA"]

1. e4 c5 2. Nf3 Nc6 3. Bb5 Nd4 4. Nxd4 cxd4 5. O-O a6 6. Be2 e6 7. d3 Qc7 8. Nd2 Ne7 9. Nf3 Nc6 10. Bd2 Be7 11. Rc1 Qb6 12. c3 Bf6 13. cxd4 Nxd4 14. Nxd4 Bxd4 15. Qc2 Qxb2 16. Qxb2 Bxb2 17. Rc2 Ba3 18. Rb1 b5 19. Rb3 Be7 20. Rbc3 O-O 21. e5 Bb7 22. Rc7 Bc6 23. R2xc6 dxc6 24. Rxe7 Rfe8 25. Rc7 Rec8 26. Re7 Kf8 27. Bb4 c5 28. Bxc5 Rxc5 29. Rb7 Rc1+ 30. Bf1 Ra1 31. g3 Rxa2 32. h4 Rc8 33. Kg2 Rcc2 34. Rb8+ Ke7 35. Rb7+ Ke8 36. Rb8+ Kd7 37. Rb7+ Rc7 38. Rb6 f5 39. d4 Rcc2 40. Rxa6 Rxf2+ 41. Kg1 Rxf1+ 0-1

[Event "V Floripa Open 2019"]
[Site "Florianopolis"]
[Date "2019.01.22"]
[Round "2.111"]
[White "Mota, Romulo Rodrigues"]
[Black "Stroher, Victor Augusto"]
[Result "1-0"]
[WhiteElo "1993"]
[BlackElo "1451"]
[PlyCount "79"]
[EventDate "2019.01.21"]
[EventType "swiss"]
[EventRounds "10"]
[EventCountry "BRA"]

1. d4 Nf6 2. Bf4 g6 3. e3 Bg7 4. Nf3 O-O 5. Be2 d6 6. h3 Nbd7 7. Bh2 c5 8. c3 b6 9. O-O Bb7 10. Nbd2 Rc8 11. a4 Ne4 12. a5 a6 13. axb6 Nxd2 14. Nxd2 Rc6 15. Nc4 cxd4 16. cxd4 Qa8 17. b4 Nxb6 18. Na5 Rc7 19. Nxb7 Qxb7 20. Bxa6 Qc6 21. Rc1 Qxc1 22. Qxc1 Rxc1 23. Rxc1 Nd5 24. b5 Rb8 25. Kf1 Nb4 26. Rc7 Bf6 27. Bb7 Kf8 28. Ke2 Ke8 29. Kd2 Kd8 30. b6 Nc6 31. Bxc6 Rxb6 32. Rd7+ Kc8 33. d5 Rb2+ 34. Ke1 Bc3+ 35. Kd1 Rb1+ 36. Ke2 Rb2+ 37. Kf3 Be1 38. Bg3 e5 39. Rxd6 e4+ 40. Kxe4 1-0

[Event "V Floripa Open 2019"]
[Site "Florianopolis"]
[Date "2019.01.22"]
[Round "2.113"]
[White "Bassani, Jaison Jose"]
[Black "Brandao, Murilo Tavares"]
[Result "1-0"]
[WhiteElo "1959"]
[BlackElo "1341"]
[PlyCount "67"]
[EventDate "2019.01.21"]
[EventType "swiss"]
[EventRounds "10"]
[EventCountry "BRA"]

1. Nf3 Nf6 2. d4 g6 3. Nbd2 d6 4. e4 c5 5. c3 Bg7 6. Bd3 O-O 7. O-O a6 8. a4 Bg4 9. h3 Bc8 10. a5 cxd4 11. cxd4 Nc6 12. Nc4 Nd7 13. Be3 Rb8 14. Qa4 h6 15. Rac1 g5 16. Rfd1 Qe8 17. b4 Nf6 18. Nh2 Bd7 19. Nb6 Nxd4 20. Nxd7 Qxd7 21. Qa2 Nb5 22. e5 Nh5 23. Qe2 Nf4 24. Bxf4 gxf4 25. Qe4 Rfc8 26. Ng4 Qe6 27. Qh7+ Kf8 28. Rxc8+ Rxc8 29. Bf5 Qb3 30. Rb1 Qc4 31. Nxh6 e6 32. Qg8+ Ke7 33. Qxf7+ Kd8 34. Bxe6 1-0

[Event "V Floripa Open 2019"]
[Site "Florianopolis"]
[Date "2019.01.22"]
[Round "2.114"]
[White "Henriquetta, Rafael Stolf"]
[Black "Hirota da Silva, Nilton"]
[Result "0-1"]
[WhiteElo "1450"]
[BlackElo "1942"]
[PlyCount "73"]
[EventDate "2019.01.21"]
[EventType "swiss"]
[EventRounds "10"]
[EventCountry "BRA"]

1. e4 c6 2. d4 d5 3. exd5 cxd5 4. Bd3 Nf6 5. Bf4 Nc6 6. c3 e6 7. Nf3 Bd6 8. Bg3 O-O 9. Nbd2 Re8 10. O-O a6 11. Re1 Bxg3 12. hxg3 Qd6 13. Ne5 Bd7 14. g4 Re7 15. g5 Ne8 16. Qh5 f5 17. Re3 g6 18. Qh4 Nxe5 19. Rxe5 Qb6 20. b3 Nd6 21. c4 Nf7 22. Re3 Qd8 23. Rh3 Nd6 24. Nf3 Rg7 25. Ne5 Be8 26. f3 Nf7 27. f4 Nxe5 28. fxe5 Bc6 29. Kf2 Qa5 30. Ke2 Rd8 31. c5 Rc8 32. Rah1 Rcc7 33. Bb1 Bb5+ 34. Kd1 Qa3 35. Qf2 b6 36. b4 Qxb4 37. Rb3 0-1

[Event "V Floripa Open 2019"]
[Site "Florianopolis"]
[Date "2019.01.22"]
[Round "2.115"]
[White "Araujo, Renan Aparecido"]
[Black "Moretto, Heitor Frainer"]
[Result "1-0"]
[WhiteElo "1940"]
[BlackElo "1426"]
[PlyCount "77"]
[EventDate "2019.01.21"]
[EventType "swiss"]
[EventRounds "10"]
[EventCountry "BRA"]

1. d4 Nf6 2. Bf4 g6 3. e3 Bg7 4. Nf3 d6 5. h3 O-O 6. Be2 Re8 7. O-O Nbd7 8. Bh2 c6 9. Nbd2 e5 10. dxe5 dxe5 11. Nc4 e4 12. Nd4 Nb6 13. Nd6 Re7 14. c4 Nfd7 15. Qc2 c5 16. N4b5 a6 17. Nxc8 Qxc8 18. Nc7 Ra7 19. Bd6 f5 20. Bxe7 Qxc7 21. Bh4 Ne5 22. Rfd1 Ra8 23. Rd2 h6 24. Rad1 Bf8 25. Rd8 Rxd8 26. Bxd8 Qc6 27. Bxb6 Qxb6 28. Rd5 Bg7 29. Qd2 Qc7 30. Rd8+ Kh7 31. Qd5 h5 32. b3 Qa5 33. Qd2 Qc7 34. Rd5 b6 35. a3 a5 36. Qd1 Kg8 37. Rd8+ Bf8 38. Qd5+ Kh7 39. Rxf8 1-0